BIBLIOTECA PODER JUDICIAL
Portal Judicial TDF

La obtención del dominio por el transcurso del tiempo. La prescripción adquisitiva larga y una crítica a su rigurosidad probatoria / (Registro nro. 5513)

000 -LEADER
fixed length control field 01515nab a22002537a 4500
003 - CONTROL NUMBER IDENTIFIER
control field OSt
005 - DATE AND TIME OF LATEST TRANSACTION
control field 20251210150955.0
008 - FIXED-LENGTH DATA ELEMENTS--GENERAL INFORMATION
fixed length control field 190604e xxu||||| |||| 00| 0 spa d
040 ## - CATALOGING SOURCE
Transcribing agency PJ
100 ## - MAIN ENTRY--PERSONAL NAME
9 (RLIN) 6499
Personal name Díaz Etulain, Andrés Santiago
245 13 - TITLE STATEMENT
Title La obtención del dominio por el transcurso del tiempo. La prescripción adquisitiva larga y una crítica a su rigurosidad probatoria /
Statement of responsibility, etc Andrés Santiago Díaz Etulain.
260 ## - PUBLICATION, DISTRIBUTION, ETC. (IMPRINT)
Place of publication, distribution, etc Ciudad Autónoma de Buenos Aires :
Name of publisher, distributor, etc Thomson Reuters La Ley,
Date of publication, distribution, etc 2025.
300 ## - PHYSICAL DESCRIPTION
Extent p. 173-186
500 ## - GENERAL NOTE
General note Cita Online: TR LALEY AR/DOC/425/2025.<br/>
505 ## - FORMATTED CONTENTS NOTE
Formatted contents note Sumario: I. Introducción.— II. Definición de derechos reales.— III. Definición del Cód. Civ. y Com.— IV. Clasificación de los derechos reales.— V. Relación de poder: tenencia y posesión.— VI. Clasificación de la posesión.— VII. Definición de usucapión.— VIII. Definición de usucapión en el Cód. Civ. y Com.— IX. Acción declarativa de usucapión.— X. ¿Rigurosidad probatoria?— XI. Conclusión.
505 ## - FORMATTED CONTENTS NOTE
Title ¿Te interesa el texto completo? Solicitalo al correo: koha@justierradelfuego.gov.ar
650 #0 - SUBJECT ADDED ENTRY--TOPICAL TERM
9 (RLIN) 1497
Topical term or geographic name as entry element CODIGO CIVIL Y COMERCIAL
650 #0 - SUBJECT ADDED ENTRY--TOPICAL TERM
9 (RLIN) 1821
Topical term or geographic name as entry element DERECHOS REALES
650 #0 - SUBJECT ADDED ENTRY--TOPICAL TERM
9 (RLIN) 2324
Topical term or geographic name as entry element PRESCRIPCIÓN ADQUISITIVA
650 #0 - SUBJECT ADDED ENTRY--TOPICAL TERM
9 (RLIN) 3927
Topical term or geographic name as entry element CARGA DE LA PRUEBA
650 #0 - SUBJECT ADDED ENTRY--TOPICAL TERM
9 (RLIN) 2289
Topical term or geographic name as entry element POSESIÓN
773 0# - HOST ITEM ENTRY
Host Biblionumber 2714
Host Itemnumber 3171
Place, publisher, and date of publication Ciudad Autónoma de Buenos Aires : Thomson Reuters La Ley, 2014-
Title Revista anales de legislación argentina. Nº 9 - Septiembre 2025.
942 ## - ADDED ENTRY ELEMENTS (KOHA)
Source of classification or shelving scheme
Koha item type Analítica Artículo de Revista

No hay ítems disponibles.

12 de Octubre 789 Ushuaia - Tel:  54(02901)441571
Horario de Atención: 8.00 a 17.00 hs. 
bibliotecaush@justierradelfuego.gov.ar
koha@justierradelfuego.gov.ar
Seguinos en nuestras redes @bibliojustdf 

Con tecnología Koha